000 00633nam a2200217Ii 4500
003 JO-AjNU
008 230605s9999||||xx |||||||||||||| ||und||
017 _a2004/2/244
040 _aJO-AjNU
_bara
_erda
_cJO-AjNU
041 _aara
050 1 4 _aPJ7846.A975.A9 2004
100 3 _aتأليف ياسين،مظهر,
_eauthor
_99494
245 0 0 _aقناديل المساء
250 _aط1
264 3 1 _aعمان:أسرة الفن الأردني،2004
300 _a100ص
336 _atext
_btxt
_2rdacontent
337 _aunmediated
_bn
_2rdamedia
338 _avolume
_bnc
_2rdacarrier
650 4 _aالأدب العربي
_99495
999 _aA1330
_c4898
_d4898